| 000 | 01563nam a2200277Ia 4500 | ||
|---|---|---|---|
| 999 |
_c55158 _d55158 |
||
| 001 | 22233 | ||
| 003 | GE_BSU | ||
| 005 | 20230117173351.0 | ||
| 008 | 181216s2016||||ge |||||||||||||| ||geo|| | ||
| 020 | _aISSN 1987-9946 | ||
| 040 | _cGE_BSU | ||
| 041 | _ageo | ||
| 080 | _a811.353.1'373.6 ე-87 | ||
| 245 |
_aეტიმოლოგიური ძიებანი XIII / _cსარედ. კოლ. : ა. არაბული, ნ. მაჭავარიანი, მ. სუხიშვილი. რედ. მედეა ღლონტი. |
||
| 264 |
_aთბილისი : _bთსუ-ს გამომცემლობა, _c2016. |
||
| 300 |
_a152 გვ. ; _c20 სმ. |
||
| 500 | _aეძღვნ. გამოჩენილი ქართველი ლექსიკოგრაფების ბიძინა ფოჩხუას და მიხეილ ჭაბაშვილის ხსოვნას | ||
| 541 | _h3 ლ. 60თ. | ||
| 653 | _aეტიმოლოგიური ძიებანი | ||
| 653 | _aსტატიების კრებული | ||
| 653 | _aქართული ენა | ||
| 653 | _aქართული ენის ეტიმოლოგია | ||
| 700 |
_aღლონტი, მედეა _eრედაქტორი _916723 |
||
| 710 |
_aთსუ _bარნოლდ ჩიქობავას სახელობის ენათმეცნათმეცნიერების ინსტიტუტი _916725 |
||
| 942 |
_cBK _2udc |
||